000 00691nam a2200217Ia 4500
003 GCL
008 140319s9999 xx 000 0 ara d
040 _aGCL /
_cGCL
082 0 4 _a882
_bم ع
100 1 _aمنيرة عبدالمنعم كروان
245 1 0 _aالعالم الاخر فى المسرح الاغريقى /
_cمنيرة عبدالمنعم كروان
260 _a[S.N] :
_bدار المعارف ،
_c1992
300 _a149 ص
490 _a
650 0 4 _aالادب
650 0 4 _aالحضارة الاغريقية
650 0 4 _aالتأليف المسرحى
650 0 4 _aالموت فى الادب
650 0 4 _aاليونان فى الادب
942 _2ddc
_cBK
999 _c55786
_d55786